| 000 | 00712nac a22002051u 4500 | ||
|---|---|---|---|
| 008 | 101007t xxu||||| |||| 00| 0 eng d | ||
| 010 | _a 80670103 | ||
| 020 | _a0711455112(v. 2) | ||
| 082 | 0 | 0 |
_a692.5 _bWIL |
| 100 |
_aWilcox, Chris. _920185 |
||
| 245 | 1 | 0 |
_aMeasurement of construction work / _cChris Wilcox and John A. Snape. |
| 250 | _a2nd ed. | ||
| 260 |
_aLondon : _bG. Godwin , _c1980 |
||
| 300 |
_av. : _bill. ; _c31 cm. |
||
| 500 | _aFirst ed. published in 1972 under title: Worked examples in measurement of construction work. | ||
| 500 | _aDistributor from label on cover. | ||
| 650 | 0 |
_920186 _aBuilding _xEstimates |
|
| 700 | 1 |
_aSnape, John A., _920187 |
|
| 942 |
_cBB _k692.5WIL _2ddc |
||
| 999 |
_c4113 _d4113 |
||